|
|
|
|
| LEADER |
00000nam0a2200000 4500 |
| 001 |
142045 |
| 005 |
20231101220939.0 |
| 010 |
|
|
|a 5265011315
|
| 020 |
|
|
|a RU
|b 89-81876
|
| 035 |
|
|
|a (RuTPU)RU\TPU\book\153944
|
| 090 |
|
|
|a 142045
|
| 100 |
|
|
|a 20080829d1990 m y0rusy5003 ca
|
| 101 |
0 |
|
|a rus
|
| 102 |
|
|
|a RU
|
| 105 |
|
|
|a a z 000ay
|
| 200 |
1 |
|
|a Вчерашние заботы
|e Повесть-странствие
|f В. В. Конецкий
|g худож. В. А. Емельянов
|
| 210 |
|
|
|a Ленинград
|c Советский писатель
|c Ленингр. отд-ние
|d 1990
|
| 215 |
|
|
|a 400 с.
|c цв. ил.
|d 23 см
|
| 610 |
1 |
|
|a Моряки в СССР
|
| 610 |
1 |
|
|a Арктические экспедиции
|
| 610 |
1 |
|
|a советская литература
|
| 610 |
1 |
|
|a повести
|
| 675 |
|
|
|a Р2
|z rus
|
| 700 |
|
1 |
|a Конецкий
|b В. В.
|c русский писатель
|f 1929-
|g Виктор Викторович
|2 stltpush
|3 (RuTPU)RU\TPU\pers\15429
|9 5341
|
| 702 |
|
1 |
|a Емельянов
|b В. А.
|4 440
|
| 801 |
|
0 |
|a RU
|b RuMRKP
|c 19950417
|g psbo
|
| 801 |
|
1 |
|a RU
|b 63413507
|c 20080829
|g PSBO
|
| 801 |
|
2 |
|a RU
|b 63413507
|c 20110621
|g PSBO
|
| 942 |
|
|
|c BK
|